Quizzes
Events
Quiz Creation
Community
Videos
Private Events
Remove Ads
Sign In
Join for FREE
Feedback
Dark Mode
Quiz Categories
Sports
Geography
Music
Movies
Television
Just For Fun
Miscellaneous
History
Literature
Language
Science
Gaming
Entertainment
Religion
Holiday
For Kids
Quiz Lab
Recent
Popular Today
Quiz Kudos Today
Editor Picks
Curator Picks
Quizzes by...
Day
Popularity
Type
Ratings
Length
Year
Community
Subscriptions
Recent Discussions
Orange Saloon
Badges
Playlists
Quests
Create
Leaderboards
Showdown
Live 5
Trivia Bingo
Activity
Puzzle Library
Sporcle Events
Private Events
Virtual Trivia
Globe League
Become a Host
Pub Owners
SporcleCon
Opinionation
Our Games
Videos
Blog
Mobile Apps
Partnerships
Remove Ads and Go Orange
Feedback
Music
Pop Music
The Beatles
Song
Album
Lyrics
Bands
Singers
Artist
Clip
Rock
Rap
Classical
Billboard
Country Music
Kpop
Taylor Swift
Music
Pop Music
The Beatles
Song
Album
Lyrics
Bands
Singers
Artist
Clip
Rock
Rap
Classical
Billboard
Country Music
Kpop
Taylor Swift
Random Quiz
Search Sporcle
×
Quiz Lab
Quiz Lab
Music
Lyrics
Type in answers that appear in a list
Type in answers that appear in a list
Classic
Best Score? Go Orange.
Guess The Lyrics! Stats
Can you name the lyrics to this Heart song?
By
axelsonfire
8m
165 Questions
977 Plays
977 Plays
977 Plays
Comments
Comments
Give Quiz Kudos
Give Quiz Kudos
-
- Ratings
hide this ad
Replay
Link that replays current quiz
Next Quiz
Link to next quiz in quiz playlist
You Got
0%
They Got
Avg Score
54%
Avg Friend Score
Upgrade to see
Score Distribution
Jump to the score distribution portion of the page
Score
0/165
Timer
08:00
0
Plays Today
% Correct
the
98.1%
the
98.1%
the
98.1%
the
98.1%
And
98.1%
the
98.1%
And
98.1%
the
98.1%
and
98.1%
And
98.1%
the
98.1%
And
98.1%
And
98.1%
the
98.1%
you
92.9%
you
92.9%
you
92.9%
you
92.9%
You
92.9%
you
92.9%
You
92.9%
you
92.9%
you
92.9%
you
92.9%
you
92.9%
you
92.9%
me
80.2%
me
80.2%
love
79.4%
to
79%
to
79%
to
79%
to
79%
I
73.2%
I
73.2%
I
73.2%
I
73.2%
I
73.2%
I
73.2%
I
73.2%
I
73.2%
I
73.2%
I
73.2%
I
73.2%
I
73.2%
I
73.2%
I
73.2%
I
73.2%
on
72.5%
on
72.5%
on
72.5%
do
71.9%
do
71.9%
do
71.9%
do
71.9%
% Correct
is
71.5%
is
71.5%
it
68.3%
it
68.3%
it
68.3%
my
67.5%
my
67.5%
my
67.5%
my
67.5%
No
66.6%
so
63.5%
for
62.8%
How
61%
How
61%
how
61%
How
61%
How
61%
of
60.8%
are
59.6%
where
59.5%
your
59.1%
know
58.5%
know
58.5%
Oh
56.4%
oh
56.4%
that
53.1%
hear
51.4%
I'm
50.9%
don't
49.9%
don't
49.9%
have
48.6%
was
46.3%
get
45.3%
get
45.3%
get
45.3%
get
45.3%
now
43.6%
now
43.6%
now
43.6%
now
43.6%
I've
42.9%
never
42.7%
never
42.7%
by
41.2%
by
41.2%
by
41.2%
always
38.7%
always
38.7%
got
38.2%
got
38.2%
But
37.8%
Alone
36.9%
alone
36.9%
alone
36.9%
Alone
36.9%
% Correct
alone
36.9%
alone
36.9%
Alone
36.9%
Alone
36.9%
won't
36%
night
35.8%
here
35.2%
own
31.5%
own
31.5%
own
31.5%
tell
31.1%
going
30.7%
goes
29.9%
long
29.8%
long
29.8%
end
28.9%
Til
28.5%
Til
28.5%
really
28.4%
really
28.4%
wanted
27.7%
bone
26.4%
bone
26.4%
tonight
26.3%
tonight
26.3%
very
26.1%
until
25.2%
met
25.2%
until
25.2%
met
25.2%
clock
25.1%
chills
25%
chills
25%
ticking
24.4%
slow
24.3%
still
24.1%
still
24.1%
hope
23.6%
wonder
23.5%
dark
23.3%
hold
23.3%
touch
22.9%
cared
22.8%
cared
22.8%
though
22.2%
waited
21.8%
telephone
21.1%
answer
20.8%
lying
19.3%
lips
18.4%
room's
18.1%
tight
17.7%
pitch
17.6%
unknown
15.6%
secret
14%
Quiz Playlist
Details
Report
Send in Message
Add To Playlist
Classic:
Type in answers that appear in a list
Last Updated: Feb 16, 2017
Quiz Scoreboard
CHALLENGE
Sign Up to Join the Scoreboard
Show All
Scores
Hide
Comments
May contain spoilers
Recently Published
An Introduction to Baseball
by treessimontrees
Sports
5m
Movies - When Are They Set?
by FPL_Elf
Movies
5m
Popular People in 1961
by mucciniale
History
6m
More to Explore
Quiz From the Vault
Featured Blog Post
Where Did the Easter Bunny Come From?
hide this ad
You Might Also Like...
Tags
Lyrics Quiz
Song Quiz
heart
Today's Top Quizzes in Music
Browse Music
hide this ad
Today's Top Quizzes in Lyrics
Browse Lyrics
Top Contributed Quizzes in Music
1
Taylor Swift All Songs (2024)
2
Guess the Artist- 70s Songs
3
KPOP LOGIC QUIZ
4
One Thing in Common: Music
5
2010s Album by Cover III
6
Guess the Taylor Swift song (Mystery Song)
7
Taylor Swift Logic Puzzle
8
2010s Album by Cover IV
9
2010s Album by Cover V
10
Kpop Logic Quiz
Explore More
Trending Topics
Crossword
Marvel
Disney
NBA
Kpop
Harry Potter
Anime
The Office
Song
Puzzle
NFL
WWE
Country
Pokémon
Soccer
hide this ad
More By:
axelsonfire
Quiz
Plays
Rating
Category
Featured
Created
CSI: NY Characters
1,182
2.00
Television
Sep 26, 2009
Guess The Lyrics!
977
2.90
Music
Dec 25, 2009
50 Worst Songs Ever!
769
2.21
Music
Oct 30, 2009
50 Worst Artists
638
2.27
Music
Nov 2, 2009
CSI LV Episodes Seasons 1-4
533
Television
Nov 14, 2009
Go to Creator's Profile
Score Distribution
Quiz Creator Spotlight
axelsonfire
Follow
Send a Message
Quizzes Created
-
Created Quiz Play Count
-
More By This Creator
Popular Quizzes Today
1
Find the Countries of Europe - No Outlines Minefield
2
Find the US States - No Outlines Minefield
3
The Countries of the World
4
Popular People in 1961
5
US States
6
Find the US States
7
1-10 Letter E Words III
8
Risky Map Clicking: Biggest States A-Z
More Music Quizzes
What's That Band's Greatest Song?
Published
Trending Quizzes
Risky Map Clicking: Least Populous States A-Z
1-10 Letter F Words
1-10 Letter G Words
One Thing in Common: United Kingdom
Not Quite an Element Typing Challenge
Recently Updated
Leaping Animals
pecheneg
Reality TV Shows (A-Z)
bhenderson79
Rickey Henderson's Hall of Fame Teammates
pecheneg
Champions League XIs: Arsenal
pecheneg
Quick Pick: Celebrities in WWE's Hall of Fame
aduchscher
A-Z Keypad Blitz II
pecheneg
Multiple Oscar Actors
pecheneg
Mystery Phrase Blitz: Oscar 'Best Actors'
pecheneg
F. Scott Fitzgerald Novels
LTH
Pick 3 Villains
ddd62291
Trending Topics
Crossword
Anime
Kpop
Marvel
Harry Potter
NBA
Disney
NFL
The Office
Country
Soccer
Puzzle
WWE
Song
Pokémon
Your Account Isn't Verified!
In order to create a playlist on Sporcle, you need to verify the email address you used during registration. Go to your
Sporcle Settings
to finish the process.
Report this User
Report this user for behavior that violates our
Community Guidelines
.
Details:
Send Report
Go to the Sporcle.com Mobile Site →
Comments